Řešení prio nábor
Aktuálna situácia na českom trhu práce - žiadni uchádzači o pozície, aj napriek tomu, že náborári zľavili zo svojich pôvodných nárokov. Ako túto situáciu riešiť a ako eliminovať prípadnú stratu kandidáta. Ako by malo vyzerať SW riešenie pre oblasť náboru a adaptácie.
Gespeichert in:
| 1. Verfasser: | |
|---|---|
| Format: | Buchkapitel |
| Sprache: | Tschechisch |
| Schlagworte: | |
| Tags: |
Keine Tags, Fügen Sie das erste Tag hinzu!
|
MARC
| LEADER | 00000naa a2200000 4500 | ||
|---|---|---|---|
| 001 | 0226226 | ||
| 005 | 20231113135208.7 | ||
| 041 | 0 | |a cze | |
| 044 | |a CZ | ||
| 245 | 1 | 0 | |a Řešení prio nábor |c Iva Lacková |
| 520 | |a Aktuálna situácia na českom trhu práce - žiadni uchádzači o pozície, aj napriek tomu, že náborári zľavili zo svojich pôvodných nárokov. Ako túto situáciu riešiť a ako eliminovať prípadnú stratu kandidáta. Ako by malo vyzerať SW riešenie pre oblasť náboru a adaptácie. | ||
| 610 | 2 | 0 | |a nábor pracovníkov |
| 610 | 2 | 0 | |a adaptácia |
| 100 | 1 | |a Lacková, Iva | |